|
|
|
|
| LEADER |
01011nam a22002417a 4500 |
| 003 |
GR-PaULI |
| 005 |
20210206220425.0 |
| 007 |
ta |
| 008 |
180925b ||||f |||| 00| 0 gre d |
| 952 |
|
|
|0 0
|1 0
|2 nlm
|4 0
|6 QZ_50_DOR
|7 1
|9 225911
|a MEDI
|b MEDI
|c DON
|d 2018-09-25
|i 7271
|l 0
|o QZ 50 DOR
|p 025000175009
|r 2018-09-25 00:00:00
|t 1
|v 2018.00
|w 2018-09-25
|y BKN
|z Δωρεά Ζ. Γιώτσα (αίθουσα δωρεών).
|
| 999 |
|
|
|c 136320
|d 136320
|
| 040 |
|
|
|a GR-PaULI
|b gre
|c GR-PaULI
|e AACR2
|
| 060 |
|
|
|a QZ 50
|
| 100 |
1 |
|
|9 171113
|a Dorfman, Albert,
|d 1916-1982
|e συγγραφέας
|
| 245 |
1 |
0 |
|a Κληρονομήσιμοι νόσοι του συνδετικού ιστού /
|c Albert Dorfman.
|
| 260 |
|
|
|a [χ.τ.]:
|b [χ.ό.],
|c [χ.χ.].
|
| 300 |
|
|
|a 20 σ. ;
|c 24 εκ.
|
| 490 |
|
|
|a Das medizinische prisma
|
| 504 |
|
|
|6 Περιλαμβάνει βιβλιογραφία.
|
| 650 |
|
4 |
|9 14536
|a Ιατρική γενετική
|
| 830 |
|
4 |
|9 171030
|a Das medizinische prisma
|
| 942 |
|
|
|2 nlm
|c BKN
|
| 998 |
|
|
|c ΜΑΝΙΑΚΗ
|d 2018
|